Sports Quiz

Random Sports Quiz

Year-by-Year All-NBA team 1st, 2nd 2005-Present Quiz Stats

 Plays Quiz not verified by Sporcle

Support Sporcle.
Go Orange.
Score 0/147 Timer 10:00
0 Plays Today
Year and 1st,2nd or 3rd Player % Correct
2013-2014 FirstKevin Durant
100%
2012-2013 FirstKevin Durant
100%
2011-2012 FirstKevin Durant
100%
2010-2011 FirstKevin Durant
100%
2009-2010 FirstKevin Durant
100%
2014-2015 FirstStephen Curry
99.7%
2014-2015 FirstLeBron James
99.7%
2013-2014 FirstLeBron James
99.7%
2013-2014 SecondStephen Curry
99.7%
2012-2013 FirstLeBron James
99.7%
2011-2012 FirstLeBron James
99.7%
2010-2011 FirstLeBron James
99.7%
2009-2010 FirstLeBron James
99.7%
2008-2009 FirstLeBron James
99.7%
2007-2008 FirstLeBron James
99.7%
2006-2007 SecondLeBron James
99.7%
2005-2006 FirstLebron James
99.7%
2014-2015 FirstJames Harden
99.4%
2014-2015 FirstMarc Gasol
99.4%
2014-2015 SecondChris Paul
99.4%
2014-2015 SecondRussell Westbrook
99.4%
2014-2015 SecondPau Gasol
99.4%
2013-2014 FirstChris Paul
99.4%
2013-2014 FirstJames Harden
99.4%
2012-2013 FirstChris Paul
99.4%
2012-2013 FirstKobe Bryant
99.4%
2012-2013 SecondRussell Westbrook
99.4%
2012-2013 SecondMarc Gasol
99.4%
2012-2013 ThridJames Harden
99.4%
2012-2013 ThridDwyane Wade
99.4%
2011-2012 FirstKobe Bryant
99.4%
2011-2012 SecondRussell Westbrook
99.4%
2011-2012 ThridDwyane Wade
99.4%
2010-2011 FirstKobe Bryant
99.4%
2010-2011 SecondRussell Westbrook
99.4%
2010-2011 SecondDwyane Wade
99.4%
2010-2011 SecondPau Gasol
99.4%
2010-2011 ThirdChris Paul
99.4%
2009-2010 FirstDwyane Wade
99.4%
2009-2010 FirstKobe Bryant
99.4%
2009-2010 ThirdPau Gasol
99.4%
2008-2009 FirstDwyane Wade
99.4%
2008-2009 FirstKobe Bryant
99.4%
2008-2009 SecondChris Paul
99.4%
2008-2009 ThirdPau Gasol
99.4%
2007-2008 FirstChris Paul
99.4%
2007-2008 FirstKobe Bryant
99.4%
2006-2007 FirstKobe Bryant
99.4%
2006-2007 ThirdDwyane Wade
99.4%
Year and 1st,2nd or 3rd Player % Correct
2005-2006 FirstKobe Bryant
99.4%
2014-2015 ThridBlake Griffin
99.1%
2014-2015 ThridTim Duncan
99.1%
2013-2014 SecondTony Parker
99.1%
2013-2014 SecondBlake Griffin
99.1%
2013-2014 SecondDwight Howard
99.1%
2012-2013 FirstTim Duncan
99.1%
2012-2013 SecondTony Parker
99.1%
2012-2013 SecondBlake Griffin
99.1%
2012-2013 ThridDwight Howard
99.1%
2011-2012 FirstDwight Howard
99.1%
2011-2012 SecondTony Parker
99.1%
2010-2011 FirstDwight Howard
99.1%
2009-2010 FirstDwight Howard
99.1%
2009-2010 ThirdTim Duncan
99.1%
2008-2009 FirstDwight Howard
99.1%
2008-2009 SecondTim Duncan
99.1%
2008-2009 ThirdTony Parker
99.1%
2007-2008 FirstDwight Howard
99.1%
2007-2008 SecondTim Duncan
99.1%
2006-2007 FirstTim Duncan
99.1%
2006-2007 ThirdDwight Howard
99.1%
2005-2006 SecondDwayne Wade
99.1%
2005-2006 SecondTim Duncan
99.1%
2014-2015 FirstAnthony Davis
98.8%
2011-2012 SecondBlaker Griffin
98.8%
2011-2012 ThirdDirk Nowitzki
98.5%
2010-2011 SecondDirk Nowitzki
98.5%
2010-2011 ThirdDirk Nowitzki
98.5%
2009-2010 SecondDirk Nowitzki
98.5%
2008-2009 FirstDirk Nowitzki
98.5%
2007-2008 SecondDirk Nowitzki
98.5%
2006-2007 FirstDirk Nowitzki
98.5%
2005-2006 FirstDirk Nowitzki
98.5%
2012-2013 SecondCarmelo Anthony
98.2%
2011-2012 ThirdCarmelo Anthony
98.2%
2009-2010 SecondCarmelo Anthony
98.2%
2008-2009 ThirdCarmelo Anthony
98.2%
2006-2007 ThirdCarmelo Anthony
98.2%
2005-2006 ThirdCarmelo Anthony
98.2%
2014-2015 ThridKyrie Irving
97.9%
2014-2015 ThridKlay Thompson
97.6%
2007-2008 FirstKevin Garnett
97.6%
2006-2007 ThirdKevin Garnett
97.6%
2005-2006 ThirdKevin Garnett
97.6%
2011-2012 FirstDerrick Rose
97.3%
2010-2011 FirstDerrick Rose
97.3%
2009-2010 SecondSteve Nash
97.3%
2007-2008 SecondSteve Nash
97.3%
Year and 1st,2nd or 3rd Player % Correct
2006-2007 FirstSteve Nash
97.3%
2005-2006 FirstSteve Nash
97.3%
2014-2015 SecondDeMarcus Cousins
97%
2014-2015 SecondLaMarcus Aldridge
96.7%
2013-2014 FirstJoakim Noah
96.7%
2010-2011 ThirdLaMarcus Aldridge
96.7%
2014-2015 ThridDeAndre Jordan
96.1%
2013-2014 ThridDamian Lillard
95.8%
2010-2011 ThirdManu Ginobili
95.5%
2007-2008 ThirdManu Ginobili
95.5%
2012-2013 ThridPaul George
95.2%
2008-2009 SecondPaul Pierce
95.2%
2007-2008 ThirdPaul Pierce
95.2%
2005-2006 ThirdAllen Iverson
95.2%
2011-2012 Thrid Rajon Rondo
94.9%
2008-2009 ThirdShaquille O'Neal
94.9%
2005-2006 FirstShaquille O'Neal
94.9%
2013-2014 SecondKevin Love
94.3%
2011-2012 SecondKevin Love
94.3%
2008-2009 SecondYao Ming
94%
2007-2008 ThirdYao Ming
94%
2006-2007 SecondYao Ming
94%
2005-2006 ThirdYao Ming
94%
2010-2011 SecondAmar'e Stoudemire
93.7%
2009-2010 SecondAmar'e Stoudemire
93.7%
2007-2008 SecondAmar'e Stoudemire
93.7%
2006-2007 FirstAmar'e Stoudemire
93.7%
2007-2008 ThirdTracy McGrady
89.9%
2006-2007 SecondTracy McGrady
89.9%
2005-2006 SecondBen Wallace
89.9%
2010-2011 ThirdAl Horford
89.6%
2008-2009 ThirdChauncey Billups
89.6%
2006-2007 ThirdChauncey Billups
89.6%
2005-2006 SecondChauncey Billups
89.6%
2011-2012 SecondAndrew Bynum
89.3%
2006-2007 SecondGilbert Arenas
88.1%
2005-2006 ThirdGilbert Arenas
88.1%
2011-2012 ThirdTyson Chandler
87.2%
2009-2010 SecondDeron Williams
85.4%
2007-2008 SecondDeron Williams
85.4%
2006-2007 SecondChris Bosh
84.2%
2012-2013 ThridDavid Lee
83.6%
2009-2010 ThirdBrandon Roy
80.9%
2008-2009 SecondBrandon Roy
80.9%
2009-2010 ThirdJoe Johnson
77.6%
2013-2014 ThirdGoran Dragic
74.6%
2009-2010 ThirdAndrew Bogut
73.4%
2007-2008 ThirdCarlos Boozer
71.6%
2005-2006 SecondElton Brand
71%

You're not logged in!

Compare scores with friends on all Sporcle quizzes.
OR
Log In

From the Vault

MLB Top 25 in Hitting

by grays1705

These guys have more hits than The Beatles.
Remove Ads.
Support Sporcle.
Get the best of Sporcle when you Go Orange. This ad-free experience offers more features, more stats, and more fun while also helping to support Sporcle. Thank you for becoming a member.

Show Comments

Extras

Created Jan 29, 2016ReportNominate
Tags:2nd, 3rd, All-NBA, club, Player, pos, team

Top Quizzes Today


Score Distribution

Your Account Isn't Verified!

In order to create a playlist on Sporcle, you need to verify the email address you used during registration. Go to your Sporcle Settings to finish the process.

Report this User

Report this user for behavior that violates our Community Guidelines.

Details: